000
00341nam a2200133Ia 4500
008
151001s9999||||xx |||||||||||||| ||und||
100
_a
रघुनाथ चव्हाण
245
_a
सरनोबत
250
_a
7
260
_b
निंबकर आणि मं
260
_c
1976
300
_a
124
365
_b
18
999
_c
981533
_d
981530